00261nam a22001097a 4500082001900000100001700019245003200036260004200068300001100110563000800121650002200129 a340.11205bZAI aZaidi, Wasif aLegal Ethics /cWasif Zaidi aLahore :bImran Law Book House,cN.A. a158 p. aHB. aLaw, Legal Ethics